00965nam a22002657a 450000500170000000800410001704000270005804100080008504400080009308200200010110000260012124501270014726000710027430000310034549000220037650000250039865000310042365000230045465000320047765000590050965000440056870000270061270000350063970000250067420191105075826.0191105b xxu||||| |||| 00| 0 spa d aCO-BoIAVH cCO-BoIAVH  aeng aind a333.7516bOr85h aOrtiz Guerrero, Cesar aHistorical trajectories and prospective scenarios for collective land tenure reforms in community forest areas in Colombia aBogor:bCenter For International Forestry Research (CIFOR),c2018. a19 Páginas:c29 x 21 cm. aWorking Paper 327 aIncluye referencias. 0aInforme de investigación 0aÁreas forestales 0aComunidades afrocolombianas 0aDesarrollo ruralx Legislaciónz Bogotá (Colombia) 0aConservacón de los recursos naturales aHerrera Arango, Johana aGuaqueta Solórzano, Victoria aRamos-Barón, Pablo